European Countries In Order Of Population With Hints - Statistics

General Stats
  • This quiz has been taken 69 times
  • The average score is 41 of 45
Answer Stats
Population Hint Answer % Correct
66,650,804 F France
100%
84,075,074 G Germany
100%
59,146,260 I Italy
100%
18,346,819 N Netherlands
100%
38,140,910 P Poland
100%
18,908,650 R Romania
100%
143,997,393 R Russia
100%
47,889,958 S Spain
100%
69,551,332 U United Kingdom
100%
11,758,603 B Belgium
98%
10,609,240 C Czechia
98%
10,656,633 S Sweden
98%
38,980,376 U Ukraine
98%
10,411,834 P Portugal
94%
9,632,287 H Hungary
93%
9,113,574 A Austria
91%
8,997,603 B Belarus
91%
9,938,844 G Greece
91%
6,714,560 B Bulgaria
89%
5,308,039 I Ireland
89%
33,572 S San Marino
89%
501 V Vatican City
89%
2,771,508 A Albania
87%
82,904 A Andorra
87%
3,140,096 B Bosnia and Herzegovina
87%
6,002,507 D Denmark
87%
5,623,330 F Finland
87%
40,128 L Liechtenstein
87%
2,830,144 L Lithuania
87%
2,996,106 M Moldova
87%
38,341 M Monaco
87%
5,623,071 N Norway
87%
2,117,072 S Slovenia
87%
3,848,160 C Croatia
85%
1,344,232 E Estonia
85%
1,674,125 K Kosovo
85%
680,454 L Luxembourg
85%
398,266 I Iceland
83%
545,405 M Malta
83%
5,474,881 S Slovakia
83%
1,853,559 L Latvia
81%
1,813,791 N North Macedonia
81%
6,689,039 S Serbia
81%
8,967,408 S Switzerland
81%
632,729 M Montenegro
78%
No matching quizzes found
Score Distribution
Percent of People with Each Score
Percentile by Number Answered
Your Score History
You have not taken this quiz